000 00778 a2200229 4500
005 20260429145921.0
008 260429b |||||||| |||| 00| 0 eng d
020 _a978-93-8080-067-3
037 _cTB
040 _aCRL
_cCRL
041 _2eng
_aeng
084 _aK9954.277v R4
_qCRL
245 _aMythistory of kajir Ronghangpi:
_bthe making of kaziranga national park
260 _aNew Delhi, India:
_bManohar Publishers,
_c2024.
300 _a347p.
365 _b1995.00
_cINR
650 _aZoology
700 _aTeron, Dharamsing
_eEditor,
_9821700
700 _aDhanaraju, Vulli
_eEditor,
_91236001
942 _cTB
_2CC
_hK9954.277v R4
999 _c1435649
_d1435649